Name the African country - Statistics

General Stats
  • This quiz has been taken 35 times
  • The average score is 24 of 30
Answer Stats
Hint Country % Correct
Has territory in Asia Egypt
97%
Largest in Africa Algeria
94%
The highest mountain peak is located here Tanzania
94%
The only contry starting with U in Africa Uganda
90%
Located in the center of Africa Central African Republic
87%
Land origin of Amazigh Morocco
87%
Took independance from Ethiopia Eritrea
84%
Landlocked Kindgom (NOT Lesotho) Eswatini
84%
Its name is on many other countries' name Guinea
84%
The first African nation to hostWorld Cup South Africa
84%
Has the shortest coastline in Africa D.R.Congo
81%
Borders one country but has coastline Gambia
81%
The only landlocked in one country Lesotho
81%
Had a plain green flag before 2011(it has now 4 colors) Libya
81%
Known for its delicious Vanilla Madagascar
81%
Birthplace of AFCON Sudan
81%
The only that its official languageis Spanish Equatorial Guinea
77%
2nd stongest country in Football Senegal
77%
Most democratic in Africa Tunisia
77%
Land of Victoria Falls Zambia
77%
The only Arab island in Africa Comoros
74%
It name can be in French or English Ivory Coast/Côte d'Ivoire
74%
The longest railway in Africa Mauritania
74%
Most corrupted in the world Somalia
74%
Origin of M'Bappé from the dad Cameroon
71%
Has no railway Chad
71%
First Runner-up of the AFCON Ethiopia
71%
Biggest resort of Gold Ghana
71%
Poorest country in the world Rwanda
71%
Smallest Arab country (NOT an island) Djibouti
68%
No matching quizzes found
Score Distribution
Percent of People with Each Score
Percentile by Number Answered
Your Score History
You have not taken this quiz